Computational number theory (Record no. 12301)

MARC details
000 -LEADER
fixed length control field 00447nam a2200169Ia 4500
008 - FIXED-LENGTH DATA ELEMENTS--GENERAL INFORMATION
fixed length control field 230917s9999||||xx |||||||||||||| ||und||
020 ## - ISBN
Price GBP57.99
040 ## - CATALOGING SOURCE
-- 220048
Original cataloging agency VIVEKANANDA LIBRARY
041 ## - Language
-- English
082 ## - DDC NUMBER
Classification number 512.70285 D26C
100 ## - MAIN ENTRY--PERSONAL NAME
Personal name Das, Abhijit
245 #0 - TITLE STATEMENT
Title Computational number theory
260 ## - PUBLICATION, DISTRIBUTION, ETC. (IMPRINT)
Place of publication, distribution, etc Boca Raton
Name of publisher, distributor, etc CRC Press
Date of publication, distribution, etc 2013
300 ## - PHYSICAL DESCRIPTION
Pages xviii, 598 p.
500 ## - GENERAL NOTE
General note 1652 05/11/2014 RBP42583 28/11/2014 Main Budget
942 ## - ADDED ENTRY ELEMENTS (KOHA)
Koha item type Books
Holdings
Withdrawn status Lost status Damaged status Not for loan Location (home branch) Sublocation or collection (holding branch) Date acquired Koha issues (times borrowed) Koha full call number Accession No. Koha date last seen Koha item type
        VIVEKANANDA LIBRARY VIVEKANANDA LIBRARY 07/01/2015   512.70285 D26C 308201 17/09/2023 Books
        VIVEKANANDA LIBRARY VIVEKANANDA LIBRARY 07/01/2015   512.70285 D26C 337680 17/09/2023 Books
        VIVEKANANDA LIBRARY VIVEKANANDA LIBRARY 07/01/2015   512.70285 D26C 337681 17/09/2023 Books
© Designed and Maintained by Vivekananda Library, MDU Rohtak